| 000 | 00773 a2200157 4500 | ||
|---|---|---|---|
| 003 | NUST | ||
| 005 | 20221206132444.0 | ||
| 040 | _cNust | ||
| 082 | _a155.4,ANN | ||
| 245 |
_aAnnual progress in Child Phychiatry and Child Development / _cEdited by Stella chess , Alexander Thomas |
||
| 260 |
_aNew yourk _bBrunner _c1979 |
||
| 300 | _avi,690 p.: | ||
| 505 | _aInfancy Studies (Page-3), Developmental Issues (Page-103), Language and Cognition (Page-181), Temperament Studies (Page-249), Family Studies (Page-281), The Hyperactive (Page-375), Mental Retardation (Page-405), Clinical Issues (Page-419), Delivery of Services (Page-557), Annual Progress in Child Psychiatry and Child Development (Page-623). | ||
| 650 |
_achild psychiatry _9104253 |
||
| 942 |
_2ddc _cBK _k155.4,ANN |
||
| 999 |
_c193755 _d193755 |
||